Plantes par image - Statistics

General Stats
  • This quiz has been taken 23 times
  • The average score is 10 of 18
Answer Stats
Picture Answer % Correct
Cotton
100%
Erable
95%
Lavande
95%
Trèfle
95%
Aloe vera
90%
Pissenlit
90%
Basilic
81%
Chêne
76%
Fraisier
57%
Séquoia géant
57%
Fuchsia
43%
Carotte sauvage
38%
Houblon
29%
Agapanthe
24%
Lotus
24%
Langue de belle mère
19%
Peuplier
19%
Arbre de Josué
10%
No matching quizzes found
Score Distribution
Percent of People with Each Score
Percentile by Number Answered
Your Score History
You have not taken this quiz